000 00675nam a2200241 a 4500
008
020 _a0030897077
049 _aMAIN
090 _aHB172.5
_bMcK
100 1 _aMcKenna, Joseph P.
245 1 0 _aAggregate economic analysis /
_cJoseph P. McKenna.
250 _a5th ed.
260 _aHinsdale, Ill. :
_bDryden Press,
_cc1977.
300 _a336 p. :
_bill. ;
_c25 cm.
504 _aIncludes bibliographical references.
500 _aIncludes index.
650 0 _aMacroeconomics.
907 _a.b10035825
_b20-04-12
_c17-04-03
003
005 20230123133158.0
040 _cNUST
942 _cBOOKS
_kHB172.5
_mMcK
999 _c144101
_d144101